Concepción Arenal y su apostolado (Record no. 41981)
[ view plain ]
| 000 -LEADER | |
|---|---|
| campo de control de longitud fija | 00598nam a2200181 i 4500 |
| 001 - NÚMERO DE CONTROL | |
| campo de control | 41981 |
| 003 - IDENTIFICADOR DE NÚMERO DE CONTROL | |
| campo de control | ES-MaACL |
| 005 - FECHA Y HORA DE LA ÚLTIMA TRANSACCIÓN | |
| campo de control | 20231222182428.0 |
| 007 - CAMPO FIJO DE DESCRIPCIÓN FÍSICA--INFORMACIÓN GENERAL | |
| campo de control de longitud fija | t| |
| 008 - DATOS DE LONGITUD FIJA--INFORMACIÓN GENERAL | |
| campo de control de longitud fija | 030312s1950 sp |||| |dspa d |
| 100 1# - ENTRADA PRINCIPAL--NOMBRE DE PERSONA | |
| Nombre de persona | Casas Fernández, Manuel. |
| 9 (RLIN) | 36220 |
| 245 10 - MENCIÓN DEL TÍTULO | |
| Título | Concepción Arenal y su apostolado |
| Resto del título | : ideal de una justicia humanitaria... / |
| Mención de responsabilidad, etc. | Manuel Casas Fernández. |
| 260 ## - PUBLICACIÓN, DISTRIBUCIÓN, ETC. | |
| Lugar de publicación, distribución, etc. | Madrid : |
| Nombre del editor, distribuidor, etc. | Victoriano Suárez, |
| Fecha de publicación, distribución, etc. | 1950 ( |
| Lugar de fabricación/manufactura | La Coruña : |
| Fabricante | Imp. Moret) |
| 300 ## - DESCRIPCIÓN FÍSICA | |
| Extensión | 251 p. ; |
| Dimensiones | 20 cm. |
| 600 14 - PUNTO DE ACCESO ADICIONAL DE MATERIA--NOMBRE DE PERSONA | |
| Nombre de persona | Arenal, Concepción, |
| Fechas asociadas al nombre | 1820-1893 |
| 9 (RLIN) | 22591 |
| 852 ## - LOCALIZACIÓN | |
| Ubicación | ES-MaACL |
| Número de control de estantería | D-5472 |
| Estatus retirado | Estado de pérdida | Estado de daño | No para préstamo | Biblioteca de origen | Biblioteca actual | Ubicación en estantería | Fecha de adquisición | Fuente de adquisición | Total de préstamos | Signatura topográfica completa | Código de barras | Visto por última vez | Precio de reemplazo | Tipo de ítem Koha |
|---|---|---|---|---|---|---|---|---|---|---|---|---|---|---|
| Biblioteca del Ateneo de Madrid | Biblioteca del Ateneo de Madrid | Sala Valle Inclán | 17/01/2008 | D-5472 | 901044192 | 23/02/2023 | 23/02/2023 | Libro impreso |
